| 000 | 00408nam a22001457a 4500 | ||
|---|---|---|---|
| 003 | OSt | ||
| 005 | 20170105103507.0 | ||
| 008 | 140526t xxu||||| |||| 00| 0 eng d | ||
| 020 | _a8121919878 | ||
| 040 | _cASAB | ||
| 100 |
_aK.G. Ramawat _9896 |
||
| 245 |
_aComprehensive biotechnology _bfor b.sc and m.sc students of different indian universities as per UGC model curriculum |
||
| 300 | _a706 | ||
| 942 |
_2ddc _cBK |
||
| 999 |
_c17300 _d17300 |
||